LEADER 04196nam 22006615 450 001 9910483217303321 005 20230810165447.0 010 $a9783030282585 010 $a3030282589 024 7 $a10.1007/978-3-030-28258-5 035 $a(CKB)4100000009844816 035 $a(MiAaPQ)EBC5979078 035 $a(DE-He213)978-3-030-28258-5 035 $a(Perlego)3490768 035 $a(EXLCZ)994100000009844816 100 $a20191114d2019 u| 0 101 0 $aeng 135 $aurcnu|||||||| 181 $ctxt$2rdacontent 182 $cc$2rdamedia 183 $acr$2rdacarrier 200 10$aDigitalization in Industry $eBetween Domination and Emancipation /$fedited by Uli Meyer, Simon Schaupp, David Seibt 205 $a1st ed. 2019. 210 1$aCham :$cSpringer International Publishing :$cImprint: Palgrave Macmillan,$d2019. 215 $a1 online resource (xiii, 289 pages) $cillustrations 311 08$a9783030282578 311 08$a3030282570 320 $aIncludes bibliographical references and index. 327 $aChapter 1: Towards an Analytical Understanding of Domination and Emancipation in Digitalized Industries -- Part I. Emancipation and Domination int he Workplace -- Chapter 2: Democratic Labor in Digitalizing Industries: Emancipatory Potentials in Discourses on Technology and New Forms of Work? -- Chapter 3: From Lean Production to Industrie 4.0: More Autonomy for Employees? -- Chapter 4: "Designing Freedom": On (post-)Industrial Governmentality and its Cybernetic Fundaments -- Chapter 5: It's All in the Game: Emancipation in Digitalized Working Environments -- Part II: Promises of Emancipation Through Digital Fabrication -- Chapter 6: Concrete Utopias of Digitalization Compared: The Case of the Post-Work and the Maker Movements -- Chapter 7: Governing Labor in the Making? On the Relationship between Autonomy and Control in Innovation Processes -- Chapter 8: Unpacking Reshoring: The GE GeoSpring Case -- Part III: Emancipating, Configuring, and Infrastructuring Users -- Chapter 9: Digital Platforms: Producing Users in the Age of AirBnB -- Chapter 10: Governing the Old Body: Technocare Policy and Industrial Promises of Freedom -- Chapter 11: The Digitalization of Musical Instruments and Musical Practice. 330 $aThis book traces how the current wave of industrial digitalization relates to processes of domination and emancipation. It aims to counter techno-deterministic narratives that would connect a perceived new 'industrial revolution' with clear-cut societal consequences. In order to do this, the volume intervenes into three ongoing discussions which pertain to emancipation and domination in the workplace, promises of emancipation through digital fabrication, and the idea of emancipating, configuring, and infrastructuring the users of industrial products. Within this framework it addresses topics including democratic participation, management thinking, gamification, the maker movement, reshoring, digital platforms, and the automation of healthcare. 606 $aDigital media 606 $aScience$xSocial aspects 606 $aTechnological innovations 606 $aEconomic development 606 $aDigital and New Media 606 $aScience and Technology Studies 606 $aInnovation and Technology Management 606 $aEconomic Development, Innovation and Growth 615 0$aDigital media. 615 0$aScience$xSocial aspects. 615 0$aTechnological innovations. 615 0$aEconomic development. 615 14$aDigital and New Media. 615 24$aScience and Technology Studies. 615 24$aInnovation and Technology Management. 615 24$aEconomic Development, Innovation and Growth. 676 $a658 676 $a338.064 702 $aMeyer$b Uli$4edt$4http://id.loc.gov/vocabulary/relators/edt 702 $aSchaupp$b Simon$4edt$4http://id.loc.gov/vocabulary/relators/edt 702 $aSeibt$b David$4edt$4http://id.loc.gov/vocabulary/relators/edt 801 0$bMiAaPQ 801 1$bMiAaPQ 801 2$bMiAaPQ 906 $aBOOK 912 $a9910483217303321 996 $aDigitalization in Industry$92852372 997 $aUNINA